000
00325nam a22001457a 4500
008
240206b ||||| |||| 00| 0 eng d
020
_a
9780393340761
041
_a
eng
080
_2
2011
_a
94
082
_a
94
100
_a
28
101
_a
HISTORI
245
_a
PROFILES IN LEADERSHIP
_c
WALTER ISAACSON
942
_2
udc
_c
BK
999
_c
60586
_d
60586